A first course on electrical drives

Saved in:
Bibliografiske detaljer
Hovedforfatter: Pillai, S. K (Author)
Format: Bog
Sprog:engelsk
Udgivet: Nueva Delhi Wiley Eastern 1982
Fag:
Tags: Tilføj Tag
Ingen Tags, Vær først til at tagge denne postø!

MARC

LEADER 00000nam a2200000 a 4500
001 UCU5328
003 CL-VaPUC
008 960531e19820000II |||||||||||||||||eng|d
082 0 4 |a 621.313  |b PIL  |2 21 
100 0 |a Pillai, S. K  |e author  |9 363295 
245 1 2 |a A first course on electrical drives 
300 |a 208 p 
942 |c BK 
945 |d 19960531 00:00:00  |a paguirre 
260 |a Nueva Delhi  |b Wiley Eastern  |c 1982 
650 0 |a Motores eléctricos   |9 260085 
650 0 |a Motores   |9 334293 
650 0 |a Energía eléctrica  |9 256678 
650 7 |a GENERACION DE ENERGIA  |2 CL-VaPUC  |9 363296 
583 |a last modification  |c 19960531 00:00:00  |k Rodrigo Vera 
999 |c 248732  |d 248730 
952 |0 0  |1 0  |2 ddc  |4 0  |6 621_313000000000000_PIL_1982  |7 0  |8 A  |9 265539  |a BIBING  |b BIBING  |d 2019-11-19  |i 1671766  |o 621.313 PIL 1982  |p 1671766  |r 2025-01-20  |w 2019-11-19  |y BK  |k ING 
952 |0 0  |1 0  |4 0  |6 621_313000000000000_PIL_1982  |7 0  |8 A  |9 265540  |a BIBING  |b BIBING  |d 2019-11-19  |i 3291286  |l 1  |o 621.313 PIL 1982  |p 3291286  |r 2025-01-20  |s 2024-05-15  |w 2019-11-19  |y BK  |k EIE